Anno regni decimo quarto Georgii III. Regis : At a General Assembly begun at New-Castle, in the government of the counties of New-Castle, Kent and Sussex, upon Delaware, the twentieth day of October, in the fourteenth year of the reign of our Sovereign Lord George the Third, King of Great-Britain, &c. Annoque domini 1774, (and continued by adjournments to the twenty-first of August following), the following acts were passed ...

Bibliographic Details
Corporate Author: Delaware
Format: eBook
Language:English
Series:Early American imprints. Evans (1639-1800) ; no. 14005.
Online Access:Evans Digital Edition

MARC

Tag First Indicator Second Indicator Subfields
LEADER 00000cam a22000001a 4500
001 in00002139407
006 m e d #
007 cr mn mmmmabba
008 850708s1775 deu sl s000 0 eng d
005 20260331152050.8
035 |z w007808 
035 |a MAAR8507083523B 
035 |9 mwa91-13451 
035 |a 317138 
035 |a aas03007808 
040 |a MWA  |c MWA  |e bdrb  |d UtOrBLW 
110 1 |a Delaware. 
240 1 0 |a Laws, etc. (Session laws : 1775 Aug.) 
245 1 0 |a Anno regni decimo quarto Georgii III. Regis :  |b At a General Assembly begun at New-Castle, in the government of the counties of New-Castle, Kent and Sussex, upon Delaware, the twentieth day of October, in the fourteenth year of the reign of our Sovereign Lord George the Third, King of Great-Britain, &c. Annoque domini 1774, (and continued by adjournments to the twenty-first of August following), the following acts were passed ... 
264 3 |a [Wilmington, Del.] :  |b [Printed by James Adams],  |c [1775] 
300 |a pages 301-351 pages, 1 unnumbered page ;  |c (folio) 
336 |a text  |b txt  |2 rdacontent 
337 |a computer  |b c  |2 rdamedia 
338 |a online resource  |b cr  |2 rdacarrier 
500 |a Title taken from caption title and first lines of text. 
500 |a Imprint supplied by Rink. 
500 |a Pagination continues the session laws published from 1763 (Evans 9375). 
510 4 |a Evans  |c 14005 
510 4 |a Rink, E. Delaware,  |c 89 
530 |a Microform version available in the Readex Early American Imprints series. 
533 |a Electronic text and image data.  |b [Chester, Vt. :  |c Readex, a division of Newsbank, Inc.,  |d 2002-2004.  |e Includes files in TIFF, GIF and PDF formats with inclusion of keyword searchable text.  |f (Early American imprints. First series ; no. 14005). 
500 |a Electronic resource. 
752 |a United States  |b Delaware  |d Wilmington. 
830 0 |a Early American imprints.  |n Series I,  |p Evans (1639-1800) ;  |v no. 14005. 
856 4 1 |u http://proxy.library.tamu.edu/login?url=https://opac.newsbank.com/select/evans/14005  |y Evans Digital Edition  |t 0 
999 |a MARS 
999 f f |s dc0a08c8-e43c-3989-9695-15b7487a5f80  |i 9161f986-3eb7-3f87-93a1-a4dd523f4fa2  |t 0 
952 f f |a Texas A&M University  |b College Station  |c Electronic Resources  |s www_evans  |d Available Online  |t 0  |h No information provided 
998 f f |t 0  |l Available Online